Breaking Bad Trivia #S - Statistics

General Stats
  • This quiz has been taken 503 times
    496 since last reset
  • The average score is 6 of 15
Answer Stats
Hint Answer % Correct
Criminal lawyer Saul Goodman
99%
Walts wife Skyler
88%
Jesses close friend Skinny Pete
61%
Major cartel family Salamanca
57%
YEAH, Mr White! YEAH __! Science
56%
Gretchen and Elliott _ Schwartz
42%
Because he called his wife a __ Skank
35%
Flynns website is called savewalterwhite.com
33%
Jesse spends the money Walt gives him to buy an RV in a __ Strip Club
29%
Hanks selfmade beer is called Schraderbräu
25%
Gets his head squashed by an ATM Spooge
20%
Who owns an inflatable __ _ __ Statue of Liberty
20%
Gustavo gets revenge on the cartel in this episode Salud
14%
Madrigal official, who kills himself in the restroom Peter Schuler
8%
Episode of Season 3, in which Hank finds the RV Sunset
6%
No matching quizzes found
Score Distribution
Percent of People with Each Score
Percentile by Number Answered
Your Score History
You have not taken this quiz since the last reset